(Record no. 186473)

MARC details
000 -LEADER
fixed length control field 00486nam a2200157Ia 4500
003 - CONTROL NUMBER IDENTIFIER
control field IQ-KOUCL
041 ## - LANGUAGE CODE
Language code of text/sound track or separate title Kurdish
082 ## - DEWEY DECIMAL CLASSIFICATION NUMBER
Classification number 320,11 cut-423 ج
100 ## - MAIN ENTRY--PERSONAL NAME
Personal name 20260118u\\\\\\\\\\\y0engy0103\\\\ba
Personal name د.ميلاد مفتاح الحراثي
245 #0 - TITLE STATEMENT
Title تحديات الامن القومي في غرب المتوسط
250 ## - EDITION STATEMENT
Edition statement چ1
260 ## - PUBLICATION, DISTRIBUTION, ETC. (IMPRINT)
Name of publisher, distributor, etc مركز كوردستان للدراسات
Place of publication, distribution, etc السليمانية - العراق
Date of publication, distribution, etc 2013
300 ## - PHYSICAL DESCRIPTION
Extent 208
942 ## - ADDED ENTRY ELEMENTS (KOHA)
Koha item type Books
Holdings
Withdrawn status Lost status Damaged status Not for loan Collection code Home library Current library Shelving location Date acquired Total Checkouts Full call number Barcode Date last seen Copy number Price effective from Koha item type
          Koya University Central Library Koya University Central Library Books 18/01/2026   320,11 cut-423 ج 0000090005 18/01/2026 1 18/01/2026 Books